Normal view
MARC view
Entry Personal Name
001 - CONTROL NUMBER
- control field: 12678
003 - CONTROL NUMBER IDENTIFIER
- control field: ARRUPE
005 - DATE AND TIME OF LATEST TRANSACTION
- control field: 20141114130222.0
008 - FIXED-LENGTH DATA ELEMENTS
- fixed length control field: 141114|| aca||aabn | a|a d
040 ## - CATALOGING SOURCE
- Original cataloging agency: ARRUPE
- Transcribing agency: ARRUPE
100 ## - HEADING--PERSONAL NAME
- Personal name: Monro, Margaret T.
- Fuller form of name: (Margaret Theodora),
- Dates associated with a name: 1896-
670 ## - SOURCE DATA FOUND
- Source citation: Work cat.: (ARRUPE)0: Monro, Margaret T. (Margaret Theodora), 1896-, A book of unlikely saints,, [1943]